<?xml version="1.0" encoding="UTF-8"?>
<record
    xmlns:xsi="http://www.w3.org/2001/XMLSchema-instance"
    xsi:schemaLocation="http://www.loc.gov/MARC21/slim http://www.loc.gov/standards/marcxml/schema/MARC21slim.xsd"
    xmlns="http://www.loc.gov/MARC21/slim">

  <leader>01992nam a22003135a 4500</leader>
  <controlfield tag="001">BFX7981BB</controlfield>
  <controlfield tag="005">20160717120543.0</controlfield>
  <controlfield tag="008">890605t2012    ua     frd    000 0 mul d</controlfield>
  <datafield tag="020" ind1=" " ind2=" ">
    <subfield code="a">9789771304012</subfield>
  </datafield>
  <datafield tag="035" ind1=" " ind2=" ">
    <subfield code="a">(OCoLC)ocm19816586</subfield>
  </datafield>
  <datafield tag="040" ind1=" " ind2=" ">
    <subfield code="a">IUL</subfield>
    <subfield code="b">eng</subfield>
    <subfield code="c">IUL</subfield>
    <subfield code="d">EG-ScBUE</subfield>
  </datafield>
  <datafield tag="041" ind1="0" ind2=" ">
    <subfield code="a">eng</subfield>
    <subfield code="a">fre</subfield>
    <subfield code="a">ara</subfield>
  </datafield>
  <datafield tag="082" ind1="0" ind2="4">
    <subfield code="a">332.03</subfield>
    <subfield code="b">ELA</subfield>
    <subfield code="2">22</subfield>
  </datafield>
  <datafield tag="100" ind1="1" ind2=" ">
    <subfield code="a">El Assiouty, Magdi Nafed.</subfield>
    <subfield code="9">40330</subfield>
  </datafield>
  <datafield tag="245" ind1="1" ind2="0">
    <subfield code="a">Updated Banking and financial dictionary :</subfield>
    <subfield code="b">English, French, Arabic /</subfield>
    <subfield code="c">by Magdi Nafed El Assiouty ; with the collaboration of Amal M. El Assiouty, Salwa M. El Assiouty, Adel M. El Assiouty = &#x645;&#x639;&#x62C;&#x645; &#x627;&#x644;&#x645;&#x635;&#x637;&#x644;&#x62D;&#x627;&#x62A; &#x627;&#x644;&#x645;&#x635;&#x631;&#x641;&#x64A;&#x629; &#x648;&#x627;&#x644;&#x645;&#x627;&#x644;&#x64A;&#x629; : &#x625;&#x646;&#x62C;&#x644;&#x64A;&#x632;&#x64A; - &#x641;&#x631;&#x646;&#x633;&#x64A; - &#x639;&#x631;&#x628;&#x64A; / &#x625;&#x639;&#x62F;&#x627;&#x62F; &#x645;&#x62C;&#x62F;&#x64A; &#x646;&#x627;&#x641;&#x62F; &#x627;&#x644;&#x623;&#x633;&#x64A;&#x648;&#x637;&#x64A; &#x61B; &#x628;&#x627;&#x644;&#x625;&#x634;&#x62A;&#x631;&#x627;&#x643; &#x645;&#x639; &#x623;&#x645;&#x627;&#x644; &#x645;&#x62C;&#x62F;&#x64A; &#x627;&#x644;&#x623;&#x633;&#x64A;&#x648;&#x637;&#x64A;&#x60C; &#x633;&#x644;&#x648;&#x649; &#x645;&#x62C;&#x62F;&#x64A; &#x627;&#x644;&#x623;&#x633;&#x64A;&#x648;&#x637;&#x64A;&#x60C; &#x639;&#x627;&#x62F;&#x644; &#x645;&#x62C;&#x62F;&#x64A; &#x627;&#x644;&#x623;&#x633;&#x64A;&#x648;&#x637;&#x64A;.</subfield>
  </datafield>
  <datafield tag="250" ind1=" " ind2=" ">
    <subfield code="a">5th Updated ed.</subfield>
  </datafield>
  <datafield tag="260" ind1=" " ind2=" ">
    <subfield code="a">Cairo :</subfield>
    <subfield code="b">[M. N. El Assiouty],</subfield>
    <subfield code="c">c.2012.</subfield>
  </datafield>
  <datafield tag="300" ind1=" " ind2=" ">
    <subfield code="a">1319 p. ;</subfield>
    <subfield code="c">24 cm.</subfield>
  </datafield>
  <datafield tag="520" ind1=" " ind2=" ">
    <subfield code="a">Fifth edition including latest international and numerical terms in : Banking, Finance, Commerce, Cyber Commerce, Customs, Economics, e-Transaction, Export, Import, Insurance, Law, Stock Exchange, Internet ... = &#x627;&#x644;&#x637;&#x628;&#x639;&#x629; &#x627;&#x644;&#x62E;&#x627;&#x645;&#x633;&#x629; &#x648;&#x64A;&#x62A;&#x636;&#x645;&#x646; &#x623;&#x62D;&#x62F;&#x62B; &#x627;&#x644;&#x645;&#x635;&#x637;&#x644;&#x62D;&#x627;&#x62A; &#x627;&#x644;&#x62F;&#x648;&#x644;&#x64A;&#x629; &#x627;&#x644;&#x631;&#x642;&#x645;&#x64A;&#x629; &#x641;&#x64A; : &#x627;&#x644;&#x645;&#x635;&#x627;&#x631;&#x641;&#x60C; &#x627;&#x644;&#x645;&#x627;&#x644;&#x60C; &#x627;&#x644;&#x62A;&#x62C;&#x627;&#x631;&#x629; &#x627;&#x644;&#x625;&#x644;&#x643;&#x62A;&#x631;&#x648;&#x646;&#x64A;&#x629;&#x60C; &#x627;&#x644;&#x62C;&#x645;&#x627;&#x631;&#x643;&#x60C; &#x627;&#x644;&#x627;&#x642;&#x62A;&#x635;&#x627;&#x62F;&#x60C; &#x627;&#x644;&#x635;&#x641;&#x642;&#x627;&#x62A; &#x627;&#x644;&#x625;&#x644;&#x643;&#x62A;&#x631;&#x648;&#x646;&#x64A;&#x629;&#x60C; &#x627;&#x644;&#x62A;&#x635;&#x62F;&#x64A;&#x631;&#x60C; &#x627;&#x644;&#x627;&#x633;&#x62A;&#x64A;&#x631;&#x627;&#x62F;&#x60C; &#x627;&#x644;&#x62A;&#x623;&#x645;&#x64A;&#x646;&#x60C; &#x627;&#x644;&#x642;&#x627;&#x646;&#x648;&#x646;&#x60C; &#x633;&#x648;&#x642; &#x627;&#x644;&#x645;&#x627;&#x644;&#x60C; &#x627;&#x644;&#x625;&#x646;&#x62A;&#x631;&#x646;&#x62A; ...</subfield>
  </datafield>
  <datafield tag="546" ind1=" " ind2=" ">
    <subfield code="a">Text in English, French and Arabic.</subfield>
  </datafield>
  <datafield tag="650" ind1=" " ind2="0">
    <subfield code="a">Finance</subfield>
    <subfield code="v">Dictionaries.</subfield>
    <subfield code="2">BUEsh</subfield>
    <subfield code="9">19576</subfield>
  </datafield>
  <datafield tag="650" ind1=" " ind2="0">
    <subfield code="a">Banks and banking</subfield>
    <subfield code="v">Dictionaries.</subfield>
    <subfield code="2">BUEsh</subfield>
    <subfield code="9">40073</subfield>
  </datafield>
  <datafield tag="651" ind1=" " ind2=" ">
    <subfield code="2">BUEsh</subfield>
  </datafield>
  <datafield tag="653" ind1=" " ind2=" ">
    <subfield code="b">EEENG</subfield>
    <subfield code="c">July2016</subfield>
  </datafield>
  <datafield tag="700" ind1="1" ind2=" ">
    <subfield code="a">El Assiouty, Amal Magdi,</subfield>
    <subfield code="e">contributor.</subfield>
  </datafield>
  <datafield tag="700" ind1="1" ind2=" ">
    <subfield code="a">El Assiouty, Salwa Magdi,</subfield>
    <subfield code="e">contributor.</subfield>
  </datafield>
  <datafield tag="700" ind1="1" ind2=" ">
    <subfield code="a">El Assiouty, Adel Magdi,</subfield>
    <subfield code="e">contributor.</subfield>
  </datafield>
  <datafield tag="942" ind1=" " ind2=" ">
    <subfield code="2">ddc</subfield>
  </datafield>
  <datafield tag="999" ind1=" " ind2=" ">
    <subfield code="c">21965</subfield>
    <subfield code="d">21937</subfield>
  </datafield>
  <datafield tag="952" ind1=" " ind2=" ">
    <subfield code="0">0</subfield>
    <subfield code="1">0</subfield>
    <subfield code="2">ddc</subfield>
    <subfield code="4">0</subfield>
    <subfield code="7">0</subfield>
    <subfield code="8">Baccah</subfield>
    <subfield code="a">MAIN</subfield>
    <subfield code="b">MAIN</subfield>
    <subfield code="c">0TH</subfield>
    <subfield code="d">2016-07-17</subfield>
    <subfield code="e">Purchase</subfield>
    <subfield code="g">180.00</subfield>
    <subfield code="h">25868</subfield>
    <subfield code="l">0</subfield>
    <subfield code="o">332.03 ELA</subfield>
    <subfield code="p">000032867</subfield>
    <subfield code="r">2025-07-15 00:00:00</subfield>
    <subfield code="v">225.00</subfield>
    <subfield code="y">REFERENCE</subfield>
  </datafield>
</record>
